Guess the Taylor Swift Song with No Hints - 5 - Statistics

General Stats
  • This quiz has been taken 59 times
  • The average score is 373 of 445
Answer Stats
Answers % Correct
a
100%
an
100%
he
100%
He
100%
I
100%
we
100%
(we
100%
and
98%
And
98%
me
98%
the
98%
my
96%
(my
96%
You
96%
you
96%
are
94%
Are
94%
it?
94%
be
91%
go
91%
(go)
91%
if
91%
so
91%
So
91%
to
91%
with
91%
But
89%
but
89%
can
89%
do,
89%
do
89%
do),
89%
In
89%
in
89%
is
89%
love
89%
No
89%
(No
89%
of
89%
then
89%
this
89%
was
89%
baby
87%
Baby,
87%
(baby,
87%
don't
87%
for
87%
gon'
87%
I'll
87%
know
87%
know)
87%
that
87%
time
87%
at
85%
gonna
85%
him
85%
how
85%
I'm
85%
night,
85%
night
85%
one
85%
ready
85%
too
85%
you'll
85%
all,
83%
dreams
83%
dreams)
83%
first
83%
has
83%
never
83%
Never
83%
Oh,
83%
saw
83%
should
83%
alone
81%
had
81%
he's
81%
Knew
81%
like
81%
Like
81%
middle
81%
see
81%
take
81%
things
81%
girls
79%
let
79%
Let
79%
Taylor
79%
boys
77%
island,
77%
killer
77%
man,
77%
now,
77%
now
77%
(now)
77%
Touch
77%
down
74%
hard
74%
haunted
74%
I've
74%
left
74%
try
74%
begin
72%
games
72%
phantom
72%
than
72%
we'll
72%
act
70%
breeze
70%
many
70%
off
70%
tryin'
70%
Wonder
70%
Every
68%
exes
68%
forever
68%
ghost,
68%
lights
68%
low
68%
(low)
68%
same
68%
Some,
68%
some
68%
sorry
68%
Holdin'
66%
saying
66%
such
66%
their
66%
though
66%
better,
64%
I-I-I
64%
keep
64%
loved
64%
move
64%
nothing
64%
Younger
64%
very
62%
failure
60%
ransom
60%
robber
57%
Stealing
57%
tame
57%
hearts
55%
known
55%
forget
53%
join
53%
names
53%
running
53%
comparison
51%
I-Island
51%
heist
49%
jailer,
49%
(mmm)
49%
mmm,
49%
thief,
47%
Burton
43%
vendetta-ta
40%
(eh)
23%
eh)
23%
No matching quizzes found
Score Distribution
Percent of People with Each Score
Percentile by Number Answered
Your Score History
You have not taken this quiz